00573nam a22002057a 450000500170000001000130001702000220003003500130005203700160006504000120008108200170009310000240011024500840013426000430021827000350026130000200029650000200031665000230033665000080035920170124110003.0 aA-496712 c00.00a8185080461 aA-496712 bCen Lib/Ret aDPLbEN a347.013bTHA aThapliyal, Anupa V. aJudicial control of administrative discretion in India /cby Anup V. Thapliyal aPoona bDastane Ramchnadra & Co.c1991 a830 Sadashiv Peth bPoona e30 a298p.b21cm(Hb) aIncludes index. aProcedure & Courts aLaw